10-Letter Countries Per Letter Quiz Stats

 Plays Quiz Updated Aug 30, 2016

Challenge
Share
Tweet
Embed
Score 0/10 Timer 02:00
1 Play Today
Letter Country/Countries % Correct
UUzbekistan
83.4%
MMadagascar, Mauritania, Micronesia, Montenegro, Mozambique
80.5%
KKazakhstan, Kyrgyzstan
80.2%
AAzerbaijan
77.7%
TTajikistan, Timor-Leste
73.1%
SSaint Lucia, Seychelles, South Korea, South Sudan
69.9%
NNew Zealand, North Korea
66%
LLuxembourg
61.5%
BBangladesh
49.2%
EEl Salvador
41.5%

You're not logged in!

Compare scores with friends on all Sporcle quizzes.
OR
Log In

You Might Also Like...

Show Comments

Extras

Top Quizzes Today


Score Distribution

Your Account Isn't Verified!

In order to create a playlist on Sporcle, you need to verify the email address you used during registration. Go to your Sporcle Settings to finish the process.

Report this User

Report this user for behavior that violates our Community Guidelines.

Details: